Les rois Bourbons - Statistiques

Statistiques générales
  • Ce quiz a été pris 94 fois
  • Le résultat moyen est 9 sur 10
Statistiques - réponses
Hint Maison Réponse Surnoms Reine % Correct
1643-1715 Bourbon Louis 14 Le roi soleil Marie Therese d'Autriche / Francoise d'aubigné
100%
1715-1774 Bourbon Louis 15 Le bien aimé Marie Anne victoire / marie lesZcZynska
100%
1610-1643 Bourbon Louis 13 Le juste Anne d'Autriche
99%
1774-1793 Bourbon Louis 16 Louis Capet Marie Antoinette
99%
1589-1610 Bourbon Henri 4 Le grand Reine Margot / Marie de Medicis
97%
1815-1824 Bourbon Louis 18 Le désiré Marie Josephine de Savoie
92%
1824-1830 Bourbon Charles 10 X Marie Therese de Savoie
91%
1852-1870 Bonaparte Napoleon 3 Badinguet Eugenie de Montijo
88%
1804-1815 Bonaparte Napoleon 1 Le petit Caporal Josephine de beauharnais
86%
1830-1848 Orléans Louis philippe 1 Le roi bourgeois Marie amelie de bourbon Sicile
82%
Aucun quiz correspondant
Distribution des résultats
% des personnes avec chaque résultat
Percentile par nombre de réponses
Votre historique - résultats
Vous n’avez pas pris ce quiz